000 00445nam a2200157Ia 4500
008 240729s9999 xx 000 0 und d
022 _a1609-4069
245 0 _aInternational Journal of Qualitative Methods
260 _aUnited States
260 _bSAGE Publishing
650 _a Social sciences (General)
650 _aSocial Sciences
856 _uhttps://doaj.org/toc/1811aec420244c0799efb6f4d165840d
942 _2ddc
942 _cDOAJEJ
999 _c67695
_d67695
945 _a1
_bMadushi Gamage
_c1
_dMadushi Gamage